Informe de labores periodo 1993: Programa de gestión tecnológoca en ingeniería, INII

Guardat en:
Dades bibliogràfiques
Autor principal: Monge Z, Jorge E
Format: Llibre
Idioma:Spanish
Publicat: [San José, Costa Rica] : [Universidad de Costa Rica, Facultad de Ingeniería, Instituto de Investigaciones en Ingeniería] 1993
Etiquetes: Afegir etiqueta
Sense etiquetes, Sigues el primer a etiquetar aquest registre!

MARC

LEADER 00000nam a2200000Ia 4500
003 MV0254
005 20240423084340.0
008 140114s1993 cr a 000 ||spa d
040 |c cru CEDI  
100 |a Monge Z, Jorge E   |9 2974 
245 |a Informe de labores periodo 1993: Programa de gestión tecnológoca en ingeniería, INII 
260 |a [San José, Costa Rica] : [Universidad de Costa Rica, Facultad de Ingeniería, Instituto de Investigaciones en Ingeniería]  |c 1993 
300 |a paginación varia  
942 |c MV  |h MV 254  |i MV0254  |6 MV_254_000000000000000_MV0254 
999 |c 13033  |d 13033